| 000 | 00496 a2200133 4500 | ||
|---|---|---|---|
| 005 | 20250624054706.0 | ||
| 020 | _a9789987091515 | ||
| 082 | _a338.910 MWA | ||
| 100 | _aMWAKAJINGA, L. K. | ||
| 245 | _aDevelopment Studies for College and University: Achieving Growth through Constant Implementation of New Professional Life Standards, Techniques and innovative ideas | ||
| 260 |
_aDar es Salaam, _bNyambari Nyangwine Publishers _c2013. |
||
| 300 |
_axix,235p.; _bReferences _c23cm |
||
| 942 |
_2ddc _cBKS |
||
| 999 |
_c4335 _d4335 |
||